Najdroższe transfery Ekstraklasy w historii - Statystyki

Ogólne statystyki
  • Ten quiz został rozwiązany 36 razy
  • Średni wynik to 6 z 15
Statystyki odpowiedzi
Hint Odpowiedź % Poprawnych
€11mln Wychodzący Pogoń Szczecin 21/22 Kacper Kozłowski
69%
€4.75mln Wychodzący Lech Poznań 10/11 Robert Lewandowski
69%
€11mln Wychodzący Lech Poznań 20/21 Jakub Moder
62%
€4.5mln Wychodzący Cracovia 16/17 Bartosz Kapustka
59%
€6mln Wychodzący Lech Poznań 17/18 Jan Bednarek
45%
€5.5mln Przychodzący Widzew Łódź 25/26 Osman Bukari
45%
€10mln Wychodzący Legia Warszawa 23/24 Ernest Muçi
41%
€4.5mln Wychodzący Cracovia 18/19 Krzysztof Piątek
41%
€5.5mln Wychodzący Legia Warszawa 19/20 Sebastian Szymański
34%
€7mln Wychodzący Legia Warszawa 19/20 Radosław Majecki
31%
€5.25mln Wychodzący Polonia Warszawa 11/12 Adrian Mierzejewski
28%
€11mln Wychodzący Raków Częshtochowa 24/25 Ante Crnac
28%
€4.8mln Wychodzący Raków Częstochowa 24/25 Vladan Kovačević
28%
€4.35mln Wychodzący Legia Warszawa 07/08 Łukasz Fabiański
24%
€4.2mln Wychodzący Pogoń Szczecin 19/20 Adam Buksa
17%
Nie znaleziono quizów pasujących do podanych kryteriów
Rozkład punktacji
Procent ludzi z każdym wynikiem
Percentyl według liczby udzielonych odpowiedzi
Twoja historia wyników
Nie rozwiązałeś tego quizu